| 000 | 00919cam a2200241 4500 | ||
|---|---|---|---|
| 001 | WB3717-20 | ||
| 008 | 000000n2001 000 0 eng u | ||
| 035 | _a(Sirsi) u112335 | ||
| 245 | _aFlood-risk facts may become compulsory | ||
| 260 | _c2001 | ||
| 490 |
_aWestern Mail _v1 May 2001, 2(1) |
||
| 520 | _aGovernment has announced that information on risk from flooding may have to be included in the home seller's pack, introduced under the Homes Bill. The Environment Agency is currently updating flood-risk maps. | ||
| 590 | _aWB | ||
| 650 | _aFLOOD RISK | ||
| 650 | _aFLOOD RISK AREAS | ||
| 650 | _aFLOODING | ||
| 650 | _aHOME INFORMATION PACKS | ||
| 650 | _aPROPERTY-RESIDENTIAL PROPERTY-ACQUISITION AND DISPOSAL OF RESIDENTIAL PROPERTY | ||
| 650 | _aHOMES BILL 2001 | ||
| 650 | _aPROPERTY-RESIDENTIAL PROPERTY-ACQUISITION AND DISPOSAL OF RESIDENTIAL PROPERTY | ||
| 690 | _aPROPERTY | ||
| 942 | _n0 | ||
| 999 |
_c66868 _d66868 |
||